Annual report 1997 Slovak Insurance Association

Salvato in:
Dettagli Bibliografici
Natura: Libro
Lingua:inglese
Pubblicazione: Bratislava Slovak Insurance Association 1998
Soggetti:
Tags: Aggiungi Tag
Nessun Tag, puoi essere il primo ad aggiungerne!!

MARC

LEADER 00000nam a2200000 4500
001 c102650
005 20221109093143.0
041 0 |a eng 
044 |a SK 
245 1 0 |a Annual report 1997  |b Slovak Insurance Association 
264 1 |a Bratislava  |b Slovak Insurance Association  |c 1998 
300 |a 59 s. 
610 2 0 |a poisťovne 
610 2 0 |a poisťovníctvo 
610 2 0 |a trh poistný 
610 2 0 |a Slovensko